1990 : la deuda de la infancia (Record no. 72825)

MARC details
000 -CABECERA
campo de control de longitud fija 00644nam a2200241 a 4500
005 - FECHA Y HORA DE LA ÚLTIMA TRANSACCIÓN
campo de control 20210219153256.0
008 - ELEMENTOS DE LONGITUD FIJA--INFORMACIÓN GENERAL
campo de control de longitud fija 991125n 000 0 u
035 ## - NÚMERO DE CONTROL DEL SISTEMA
Número de control de sistema UPN01000088058
100 1# - ASIENTO PRINCIPAL--NOMBRE PERSONAL
Nombre de persona Espadas Sosa, Freddy Javier
222 #0 - TÍTULO CLAVE
Título clave REVISTA DE LA UNIVERSIDAD AUTONOMA DE YUCATAN
245 00 - MENCIÓN DE TÍTULO
Título 1990 : la deuda de la infancia
260 ## - PUBLICACIÓN, DISTRIBUCIÓN, ETC.
Lugar de publicación, distribución, etc. Mérida, Yucatán
300 ## - DESCRIPCIÓN FÍSICA
Extensión 13-15
362 0# - FECHAS DE PUBLICACIÓN Y/O DESIGNACIÓN SECUENCIAL
Fecha de publicación y/o designación secuencial 1990 Vol. 5, no. 174, jul.-sep.
653 0# - TERMINO DE INDIZACION - NO CONTROLADO
Término no controlado DERECHOS DEL NIÑO
653 0# - TERMINO DE INDIZACION - NO CONTROLADO
Término no controlado DESNUTRICION
653 0# - TERMINO DE INDIZACION - NO CONTROLADO
Término no controlado NIÑOS
653 0# - TERMINO DE INDIZACION - NO CONTROLADO
Término no controlado ONU
653 0# - TERMINO DE INDIZACION - NO CONTROLADO
Término no controlado PAISES EN DESARROLLO
653 0# - TERMINO DE INDIZACION - NO CONTROLADO
Término no controlado UNICEF
904 ## - ELEMENTOS DE DATOS D LOCAL, LDD (RLIN)
a AC
b 025869
905 ## - TIPO DE MATERIAL
Tipo de material Articulo

No items available.